Bridge engineering handbook : Seismic design
This extensive collection highlights bridge engineering specimens from around the world, contains detailed information on bridge engineering,
Wedi'i Gadw mewn:
| Fformat: | Llyfr |
|---|---|
| Iaith: | Undetermined |
| Cyhoeddwyd: |
Boca Raton
Taylor & Francis
2014
|
| Pynciau: | |
| Tagiau: |
Ychwanegu Tag
Dim Tagiau, Byddwch y cyntaf i dagio'r cofnod hwn!
|
| Thư viện lưu trữ: | Trung tâm Học liệu Trường Đại học Cần Thơ |
|---|
| LEADER | 00769nam a2200217Ia 4500 | ||
|---|---|---|---|
| 001 | CTU_187877 | ||
| 008 | 210402s9999 xx 000 0 und d | ||
| 020 | |c 1194200 | ||
| 082 | |a 624.2 | ||
| 082 | |b B851 | ||
| 245 | 0 | |a Bridge engineering handbook : | |
| 245 | 0 | |b Seismic design | |
| 245 | 0 | |c Editors, Wai-Fah Chen and Lian Duan. | |
| 260 | |a Boca Raton | ||
| 260 | |b Taylor & Francis | ||
| 260 | |c 2014 | ||
| 520 | |a This extensive collection highlights bridge engineering specimens from around the world, contains detailed information on bridge engineering, | ||
| 650 | |a Bridges,Cây cầu | ||
| 650 | |x Design and construction,Thiết kế và xây dựng | ||
| 910 | |a le cam van,Hải | ||
| 980 | |a Trung tâm Học liệu Trường Đại học Cần Thơ | ||